| 000 | 01123nac a22002411u 4500 | ||
|---|---|---|---|
| 008 | 100913t xxu||||| |||| 00| 0 eng d | ||
| 010 | _a 00067434 | ||
| 020 | _a0521495350 | ||
| 020 | _a0521602750 | ||
| 082 | 0 | 0 |
_a627 _bDEA |
| 100 |
_aDean, Robert G. _918869 |
||
| 245 | 1 | 0 |
_aCoastal Processes : _bwith Engineering Applications / _cRobert G. Dean, Robert A. Dalrymple. |
| 260 |
_aCambridge, UK : _aNew York : _bCambridge University Press, _c2002. |
||
| 300 |
_ax, 475 p. : _bill., maps ; _c26 cm. |
||
| 504 | _aIncludes bibliographical references and indexes. | ||
| 650 | 0 |
_aCoastal engineering. _918870 |
|
| 700 | 1 |
_aDalrymple, Robert A., _d1945- _918871 |
|
| 856 | 4 | 1 |
_3Sample text _uhttp://www.loc.gov/catdir/samples/cam033/00067434.html |
| 856 | 4 | 1 |
_3Publisher description _uhttp://www.loc.gov/catdir/description/cam021/00067434.html |
| 856 | 4 | 1 |
_3Table of contents _uhttp://www.loc.gov/catdir/toc/cam025/00067434.html |
| 942 |
_cBB _k627 DEA _2ddc |
||
| 999 |
_c2201 _d2201 |
||